Leader xxxxxxxxxx
001 __ PCLIS00006146
005 __ 20230321160410.0
010 0_ |a957-13-2033-1|b平裝|dNT$200
100 __ |a19870509d1996 m y0chiy09 e
101 1_ |achi|cjpn
102 __ |atw
105 __ |aa z 000ay
200 1_ |a夜之蜘蛛猴|f村上春樹著|g安西水丸圖 ; 賴明珠譯
205 __ |a初版
210 __ |a臺北市|c時報文化|d1996[民85]
215 0_ |a189面|c彩圖|d21公分
225 1_ |a藍小說|v909
225 2_ |a村上春樹作品集
306 __ |a1996年二刷
410 _0 |12001 |a村上春樹作品集
454 _1 |12001 |a夜ソゑパゥペ|zjpn
606 __ |2cst|a極短篇小說
681 __ |a861.57|b8354
681 __ |a861.57|b8476 88 V.909
700 _1 |a村上|b春樹|f1949- |4著
702 _1 |a安西|b水丸|4譯
702 _1 |a賴|b明珠|f1947- |4譯
801 _0 |atw|b內湖高中|c20010622
801 _2 |atw|b內湖高中|c20230321|gCCR
|